[Event "Ruhrgebiet VK2 9900"]
[Site "Ruhrgebiet"]
[Date "2000.04.16"]
[Round "8"]
[White "Behn, Juergen"]
[Black "Maurer, Theodor"]
[Result "1-0"]
[WhiteElo "1876"]
[BlackElo "1533"]
[PlyCount "49"]
[EventDate "1999.09.19"]
[EventType "team-tourn"]
[EventRounds "9"]
[EventCountry "GER"]
[SourceTitle "EXT 2024"]
[Source "ChessBase"]
[SourceDate "2023.10.10"]
[SourceVersion "1"]
[SourceVersionDate "2023.10.10"]
[SourceQuality "1"]

1. e4 e5 2. d4 exd4 3. Qxd4 Nc6 4. Qe3 d6 5. Nc3 Bd7 6. Bd2 Be7 7. Nf3 Nf6 8. h3 h6 9. a3 0-0 10. g4 Nh7 11. 0-0-0 Ng5 12. Nxg5 Bxg5 13. f4 Bf6 14. Bd3 Bd4 15. Qg3 Ne7 16. h4 Qe8 17. Be2 f6 18. g5 fxg5 19. hxg5 hxg5 20. Qh2 g4 21. f5 Nxf5 22. exf5 Be5 23. Bd3 Bxf5 24. Rdf1 Bxd3 25. Qh8# 1-0